[Event "LLWestMV2014-15"]
[Site "?"]
[Date "2015.04.12"]
[Round "8.1"]
[White "Martens, Rolf-Dieter"]
[Black "Junggebauer, Thomas"]
[Result "1-0"]
[WhiteElo "1871"]
[BlackElo "1786"]
[PlyCount "84"]
[EventType "team-tourn"]
[EventRounds "9"]
[WhiteTeam "SV Einheit Schwerin"]
[BlackTeam "ASV GW Wismar II"]
[TimeControl "40/7200:20/3600:1800"]

{621MB} 1. e4 {[%emt 0:00:00]} c5 2. Nf3 Nc6 3. d4 cxd4 4. Nxd4 e6 5. c4 Nf6 6.
Nc3 Be7 7. Be2 O-O 8. O-O a6 9. a3 Qc7 10. Nb3 b6 11. Be3 d6 12. Qc2 Ne5 13.
Nd2 Neg4 14. Bf4 e5 15. Bg5 h6 16. Bxg4 hxg5 17. Bxc8 Raxc8 18. Qd3 g6 19. Rfd1
Kg7 20. Rac1 Rfd8 21. b3 Qb7 22. Nf1 d5 23. Nxd5 Bxa3 24. Ra1 Bc5 25. Re1 b5
26. Qg3 Qa7 27. Re2 Re8 28. Qxg5 Bxf2+ 29. Kh1 Nxd5 30. cxd5 Rc3 31. Rd1 Bd4
32. Ng3 Qc5 33. Rf1 Kg8 34. Nh5 Qe7 35. Nf6+ Kg7 36. Nxe8+ Qxe8 37. Qf6+ Kg8
38. b4 Qf8 39. Ra2 Be3 40. Rxa6 Rc1 41. Rxc1 Bxc1 42. d6 Qc8 1-0

[Event "LLWestMV2014-15"]
[Site "?"]
[Date "2015.04.12"]
[Round "8.2"]
[White "Piske, Thomas"]
[Black "Fleischer, Matthias"]
[Result "1-0"]
[WhiteElo "1777"]
[BlackElo "1719"]
[PlyCount "81"]
[EventType "team-tourn"]
[EventRounds "9"]
[WhiteTeam "ASV GW Wismar II"]
[BlackTeam "SV Einheit Schwerin"]
[TimeControl "40/7200:20/3600:1800"]

{621MB} 1. e4 {[%emt 0:00:00]} d6 2. d4 Nf6 3. Nc3 g6 4. f3 Bg7 5. Be3 O-O 6.
Qd2 c6 7. O-O-O a5 8. g4 b5 9. g5 b4 10. Na4 Ne8 11. h4 Bd7 12. h5 c5 13. Qh2
e6 14. b3 Bxa4 15. bxa4 Qe7 16. dxc5 dxc5 17. hxg6 fxg6 18. Qxh7+ Kf7 19. Qh2
Nc6 20. Ne2 Rh8 21. Qf4+ Kg8 22. Rxh8+ Bxh8 23. Bh3 Rd8 24. Bxc5 Rxd1+ 25. Kxd1
Qd7+ 26. Kc1 Bg7 27. Qd2 Qf7 28. Nf4 Nd8 29. Be3 Qc7 30. Nxe6 Nxe6 31. Bxe6+
Kf8 32. Qd5 Be5 33. Bc5+ Bd6 34. Bxd6+ Qxd6 35. Qxd6+ Nxd6 36. Bb3 Nb7 37. Kd2
Ke7 38. Kd3 Kd6 39. Kd4 Nd8 40. Bd5 Ne6+ 41. Bxe6 1-0

[Event "LLWestMV2014-15"]
[Site "?"]
[Date "2015.04.12"]
[Round "8.3"]
[White "Krieg, Peter"]
[Black "Wagner, Bernd"]
[Result "1/2-1/2"]
[WhiteElo "1713"]
[BlackElo "1764"]
[PlyCount "31"]
[EventType "team-tourn"]
[EventRounds "9"]
[WhiteTeam "SV Einheit Schwerin"]
[BlackTeam "ASV GW Wismar II"]

1. e4 c6 2. g3 d5 3. Nc3 dxe4 4. Nxe4 Nf6 5. Bg2 Nxe4 6. Bxe4 e5 7. d3 Be6 8.
Be3 Nd7 9. Ne2 Bd6 10. d4 O-O 11. f4 exd4 12. Nxd4 Bd5 13. Bxd5 Qa5+ 14. Qd2
Qxd5 15. O-O-O Nf6 16. Nb3 1/2-1/2

[Event "LLWestMV2014-15"]
[Site "?"]
[Date "2015.04.12"]
[Round "8.4"]
[White "Schmidtke, Wilfried"]
[Black "Fleischer, Martin"]
[Result "0-1"]
[WhiteElo "1630"]
[BlackElo "1655"]
[PlyCount "86"]
[EventType "team-tourn"]
[EventRounds "9"]
[WhiteTeam "ASV GW Wismar II"]
[BlackTeam "SV Einheit Schwerin"]

{621MB} 1. d4 e6 2. c4 d5 3. Nc3 dxc4 4. e3 a6 5. Bxc4 b5 6. Bd3 Bb7 7. Nf3 Nf6
8. O-O Nbd7 9. a3 c5 10. dxc5 Nxc5 11. Bc2 Qc7 12. Qe2 Ng4 13. e4 Nd7 14. g3
Be7 15. Bg5 Ngf6 16. e5 Nd5 17. Nxd5 Bxd5 18. Bxe7 Qb7 19. Bd6 Bxf3 20. Qe3 Nb6
21. b3 Bg2 22. Rfe1 Bd5 23. Qg5 g6 24. Qf6 Rg8 25. Qh4 h5 26. Be4 Bxe4 27. Rxe4
Rc8 28. Re2 Nd5 29. Qd4 Rc6 30. Bc5 Kd7 31. Rc2 Rd8 32. Rac1 Ke8 33. Bd6 Rxc2
34. Rxc2 Rc8 35. Rxc8+ Qxc8 36. Bc5 Qd8 37. b4 Qg5 38. f4 Qg4 39. Kf2 h4 40.
gxh4 Qxh4+ 41. Kf3 Qh3+ 42. Ke2 Qxh2+ 43. Qf2 Nxf4+ 0-1

[Event "LLWestMV2014-15"]
[Site "?"]
[Date "2015.04.12"]
[Round "8.5"]
[White "Thiel, Bernd-Peter"]
[Black "Quang, Luu Vinh"]
[Result "1/2-1/2"]
[WhiteElo "1636"]
[BlackElo "1563"]
[PlyCount "33"]
[EventType "team-tourn"]
[EventRounds "9"]
[WhiteTeam "SV Einheit Schwerin"]
[BlackTeam "ASV GW Wismar II"]

{621MB} 1. f4 d5 2. Nf3 Nf6 3. e3 c5 4. b3 e6 5. Bb2 Be7 6. Be2 O-O 7. O-O b6
8. Qe1 Nc6 9. Bb5 Nb4 10. Qd1 a6 11. Be2 Bb7 12. a3 Nc6 13. d3 Qc7 14. Qe1 Rad8
15. Qg3 d4 16. Ng5 h6 17. Nf3 1/2-1/2

[Event "LLWestMV2014-15"]
[Site "?"]
[Date "2015.04.12"]
[Round "8.6"]
[White "Noelter, Gerd"]
[Black "Moews, Harald"]
[Result "0-1"]
[WhiteElo "1619"]
[BlackElo "1550"]
[PlyCount "62"]
[EventType "team-tourn"]
[EventRounds "9"]
[WhiteTeam "ASV GW Wismar II"]
[BlackTeam "SV Einheit Schwerin"]

{621MB} 1. d4 d5 2. Nf3 e6 3. Bf4 f5 4. e3 Nf6 5. Nbd2 Be7 6. h3 a6 7. Be2 O-O
8. O-O Ne4 9. Ne5 Nd7 10. a3 g5 11. Nxd7 Bxd7 12. Be5 b5 13. f3 Nd6 14. f4 Nf7
15. Nf3 g4 16. hxg4 fxg4 17. Nd2 Nxe5 18. fxe5 Bg5 19. Rxf8+ Qxf8 20. Nf1 h5
21. Qd3 Kg7 22. Ng3 Be8 23. Rf1 Qe7 24. e4 Bg6 25. c3 c5 26. Qd1 c4 27. exd5
Be3+ 28. Rf2 Rf8 29. Nh1 g3 30. Bxh5 gxf2+ 31. Kf1 Qh4 0-1

[Event "LLWestMV2014-15"]
[Site "?"]
[Date "2015.04.12"]
[Round "8.7"]
[White "Merz, Norbert"]
[Black "Schleese, Wolfgang"]
[Result "1-0"]
[WhiteElo "1747"]
[BlackElo "1541"]
[PlyCount "137"]
[EventType "team-tourn"]
[EventRounds "9"]
[WhiteTeam "SV Einheit Schwerin"]
[BlackTeam "ASV GW Wismar II"]

{621MB} 1. e4 c5 2. Nf3 d6 3. d4 cxd4 4. Nxd4 Nf6 5. Nc3 g6 6. Bc4 Bg7 7. f3
Nc6 8. Be3 a6 9. Qd2 Bd7 10. O-O-O Rc8 11. Bb3 Na5 12. g4 Nxb3+ 13. axb3 Qa5
14. Kb1 b5 15. h4 h5 16. g5 Ng8 17. Rhf1 Qc7 18. Rc1 b4 19. Nd5 Qb7 20. Qxb4
Rb8 21. Qxb7 Rxb7 22. Ka2 e6 23. Nc3 Ne7 24. Ra1 O-O 25. Kb1 Ra8 26. Ra5 Nc6
27. Nxc6 Bxc6 28. Rd1 Rd7 29. Na4 Bxa4 30. Rxa4 Kf8 31. Bf4 Ke7 32. Ka2 f6 33.
Ra1 e5 34. Be3 d5 35. Bc5+ Kf7 36. Kb1 dxe4 37. Rxe4 Rd1+ 38. Ka2 Rxa1+ 39.
Kxa1 fxg5 40. hxg5 Ke6 41. c4 Kf5 42. Be3 Rd8 43. c5 Bf8 44. Rc4 Be7 45. f4
exf4 46. Rxf4+ Kxg5 47. Rf7+ Kg4 48. Rxe7 h4 49. c6 h3 50. c7 Rc8 51. Bb6 h2
52. Re1 Kh3 53. Ka2 g5 54. Ka3 Kg2 55. Ka4 g4 56. Ka5 Ra8 57. Ba7 Rc8 58. Kb6
g3 59. Kb7 Rxc7+ 60. Kxc7 Kh3 61. Re6 g2 62. Rh6+ Kg3 63. Rxh2 Kxh2 64. b4 Kg3
65. Bg1 Kf4 66. Kb6 Ke5 67. Kxa6 Kd6 68. b5 Kc7 69. Ka7 1-0

[Event "LLWestMV2014-15"]
[Site "?"]
[Date "2015.04.12"]
[Round "8.1"]
[White "Arning, Norbert"]
[Black "Dupke, Andreas"]
[Result "1/2-1/2"]
[WhiteElo "1939"]
[BlackElo "1772"]
[PlyCount "46"]
[EventType "team-tourn"]
[EventRounds "9"]
[WhiteTeam "SV Malchower Schachinsel"]
[BlackTeam "SG Eintracht Neubrandenburg II"]

1. e4 e5 2. Nf3 Nf6 3. d4 Nxe4 4. Bd3 d5 5. Nxe5 Nd6 6. O-O Be7 7. Qh5 g6 8.
Qh6 Bf5 9. Re1 Bxd3 10. Qg7 Bf6 11. Nxd3+ Kd7 12. Ne5+ Kc8 13. Qh6 Bxe5 14.
dxe5 Nf5 15. Qh3 Qh4 16. Qxh4 Nxh4 17. Bg5 Nf5 18. Nc3 c6 19. e6 fxe6 20. Rxe6
Rf8 21. Rae1 Na6 22. g4 Nd4 23. Re8+ Kd7 1/2-1/2

[Event "LLWestMV2014-15"]
[Site "?"]
[Date "2015.04.12"]
[Round "8.2"]
[White "Zabka, Helge, Dr."]
[Black "Schmidt, Joerg"]
[Result "1-0"]
[WhiteElo "1678"]
[BlackElo "1917"]
[PlyCount "65"]
[EventType "team-tourn"]
[EventRounds "9"]
[WhiteTeam "SG Eintracht Neubrandenburg II"]
[BlackTeam "SV Malchower Schachinsel"]

1. e4 d5 2. exd5 Qxd5 3. Nc3 Qd6 4. Nf3 Nf6 5. Be2 a6 6. O-O c5 7. d3 Nc6 8.
Bg5 e5 9. h3 Be7 10. a3 O-O 11. Qd2 b5 12. Rad1 Qc7 13. Rfe1 Rd8 14. Qe3 b4 15.
Bxf6 gxf6 16. Ne4 bxa3 17. b3 Nd4 18. Qh6 Qb6 19. Nxe5 Nf5 20. Nc4 Qe6 21. Qf4
Nd4 22. Bg4 f5 23. Nxc5 Qf6 24. Bf3 Nxf3+ 25. Qxf3 Bxc5 26. Qxa8 Qd4 27. Qf3
Be6 28. Qg3+ Kf8 29. Ne5 Bd5 30. Nf3 Qc3 31. Qg5 Qa5 32. Qh6+ Kg8 33. Ng5 1-0

[Event "LLWestMV2014-15"]
[Site "?"]
[Date "2015.04.12"]
[Round "8.2"]
[White "Kuehn, Peter"]
[Black "Meyer, Detlef"]
[Result "1/2-1/2"]
[WhiteElo "1835"]
[BlackElo "1808"]
[PlyCount "30"]
[EventType "team-tourn"]
[EventRounds "9"]
[WhiteTeam "SV Malchower Schachinsel"]
[BlackTeam "SG Eintracht Neubrandenburg II"]

1. e4 d5 2. exd5 Nf6 3. d4 Nxd5 4. c4 Nb6 5. Nf3 Bg4 6. c5 Bxf3 7. Qxf3 Nd5 8.
Bc4 e6 9. O-O Be7 10. Nc3 c6 11. Nxd5 cxd5 12. Bb3 Nc6 13. Be3 Bf6 14. Rad1 O-O
15. Bc2 b6 1/2-1/2

[Event "LLWestMV2014-15"]
[Site "?"]
[Date "2015.04.12"]
[Round "8.3"]
[White "Witkowski, Rainer"]
[Black "Hertel-Mach, Frank"]
[Result "1-0"]
[WhiteElo "1806"]
[BlackElo "1806"]
[PlyCount "29"]
[EventType "team-tourn"]
[EventRounds "9"]
[WhiteTeam "SG Eintracht Neubrandenburg II"]
[BlackTeam "SV Malchower Schachinsel"]

1. e4 e5 2. Bc4 Nf6 3. d3 Bc5 4. Nf3 d6 5. O-O O-O 6. h3 a6 7. a4 Nh5 8. Nxe5
Ng3 9. Nxf7 Qf6 10. Bg5 Qxb2 11. Qf3 d5 12. Bxd5 g6 13. Ra2 Qb6 14. a5 Qe6 15.
Qxg3 1-0

[Event "LLWestMV2014-15"]
[Site "?"]
[Date "2015.04.12"]
[Round "8.4"]
[White "Fechner, Henrik"]
[Black "Leisner, Ekkehardt"]
[Result "1/2-1/2"]
[WhiteElo "1775"]
[BlackElo "1616"]
[PlyCount "67"]
[EventType "team-tourn"]
[EventRounds "9"]
[WhiteTeam "SV Malchower Schachinsel"]
[BlackTeam "SG Eintracht Neubrandenburg II"]

1. d4 d5 2. c4 c6 3. Nc3 Nf6 4. Nf3 e6 5. Bf4 Bd6 6. Be5 O-O 7. e3 Qe7 8. Bd3
Nbd7 9. Bxd6 Qxd6 10. O-O Re8 11. Qc2 a6 12. Rac1 e5 13. cxd5 cxd5 14. dxe5
Nxe5 15. Nxe5 Rxe5 16. Ne2 Bd7 17. Qc5 Re6 18. Nd4 Qxc5 19. Rxc5 Rb6 20. b3 Rc8
21. Rfc1 Rxc5 22. Rxc5 g6 23. Be2 Kf8 24. Bf3 Rd6 25. a4 b6 26. Rc7 Ke8 27. Be2
Kd8 28. Ra7 a5 29. Bb5 Kc8 30. Ra8+ Kb7 31. Rf8 Bxb5 32. axb5 Rd7 33. Nc6 Ne4
34. f3 1/2-1/2

[Event "LLWestMV2014-15"]
[Site "?"]
[Date "2015.04.12"]
[Round "8.7"]
[White "Reeps, Rickert"]
[Black "Rehbein, Hans-Juergen"]
[Result "1/2-1/2"]
[WhiteElo "1682"]
[BlackElo "1622"]
[PlyCount "28"]
[EventType "team-tourn"]
[EventRounds "9"]
[WhiteTeam "SV Malchower Schachinsel"]
[BlackTeam "SG Eintracht Neubrandenburg II"]

1. d4 Nf6 2. Nf3 g6 3. b3 Bg7 4. Bb2 O-O 5. e3 d6 6. Nbd2 Nbd7 7. Be2 c5 8. c3
a6 9. a4 b6 10. O-O Bb7 11. b4 cxb4 12. cxb4 Rc8 13. Rc1 Rxc1 14. Qxc1 Qc8
1/2-1/2

[Event "LLWestMV2014-15"]
[Site "?"]
[Date "2015.04.12"]
[Round "8.8"]
[White "Sonnenberg, Uwe"]
[Black "Wendt, Uwe"]
[Result "1/2-1/2"]
[WhiteElo "1592"]
[BlackElo "1642"]
[PlyCount "37"]
[EventType "team-tourn"]
[EventRounds "9"]
[WhiteTeam "SG Eintracht Neubrandenburg II"]
[BlackTeam "SV Malchower Schachinsel"]

1. c4 e5 2. Nc3 Nf6 3. e4 Bc5 4. b3 d6 5. d3 Be6 6. Nf3 c6 7. a3 a5 8. Bd2 Na6
9. Qc1 Nc7 10. Na4 Nd7 11. Rb1 O-O 12. Ng5 Qf6 13. Be3 Bxe3 14. Qxe3 b5 15.
Nxe6 Nxe6 16. cxb5 cxb5 17. Nc3 Nd4 18. Qd2 Nb6 19. Be2 1/2-1/2

[Event "LLWestMV2014-15"]
[Site "?"]
[Date "2015.04.12"]
[Round "8.1"]
[White "Schreiber, Felix"]
[Black "Stadler, Bertino"]
[Result "1-0"]
[WhiteElo "1809"]
[BlackElo "1675"]
[PlyCount "79"]
[EventType "team-tourn"]
[EventRounds "9"]
[WhiteTeam "SC Mecklenburger Springer"]
[BlackTeam "SV Empor Kuehlungsborn"]

1. d4 d5 2. Nf3 Nf6 3. e3 e6 4. c4 c6 5. Nc3 Be7 6. Bd3 dxc4 7. Bxc4 O-O 8. O-O
Nbd7 9. e4 a6 10. a4 h6 11. Qe2 Bb4 12. Bd2 Re8 13. e5 Nd5 14. Nxd5 Bxd2 15.
Nf6+ gxf6 16. Qxd2 Kg7 17. Qf4 Rh8 18. Ra3 Nf8 19. Re1 Ng6 20. Qxf6+ Qxf6 21.
exf6+ Kxf6 22. Ne5 Nxe5 23. dxe5+ Ke7 24. Rd1 Bd7 25. a5 Rad8 26. Kf1 Bc8 27.
Rad3 Rxd3 28. Rxd3 Bd7 29. Rb3 Bc8 30. Ke2 Rg8 31. g3 Rd8 32. Rd3 Bd7 33. g4
Rg8 34. Rg3 f6 35. exf6+ Kxf6 36. f4 Rg7 37. h4 e5 38. g5+ hxg5 39. fxg5+ Ke7
40. g6 1-0

[Event "LLWestMV2014-15"]
[Site "?"]
[Date "2015.04.12"]
[Round "8.2"]
[White "Kornblum, Harry"]
[Black "Schreiber, Oliver"]
[Result "1-0"]
[WhiteElo "1870"]
[BlackElo "1767"]
[PlyCount "45"]
[EventType "team-tourn"]
[EventRounds "9"]
[WhiteTeam "SV Empor Kuehlungsborn"]
[BlackTeam "SC Mecklenburger Springer"]

1. d4 d5 2. Nf3 Nf6 3. c4 e6 4. Nc3 c6 5. e3 Bd6 6. Bd3 Nbd7 7. O-O O-O 8. Re1
Re8 9. e4 dxe4 10. Nxe4 Nxe4 11. Bxe4 f5 12. Bc2 h6 13. Bd2 Nf6 14. Bc3 g5 15.
Qe2 Bd7 16. Ne5 Qc7 17. Rad1 Rad8 18. h3 h5 19. Qe3 Nh7 20. h4 Bxe5 21. dxe5
Bc8 22. hxg5 Rxd1 23. Rxd1 1-0

[Event "LLWestMV2014-15"]
[Site "?"]
[Date "2015.04.12"]
[Round "8.3"]
[White "Konrad, Andreas"]
[Black "Busz, Stephan"]
[Result "1/2-1/2"]
[WhiteElo "1734"]
[BlackElo "1887"]
[PlyCount "49"]
[EventType "team-tourn"]
[EventRounds "9"]
[WhiteTeam "SC Mecklenburger Springer"]
[BlackTeam "SV Empor Kuehlungsborn"]

1. e4 d5 2. exd5 Nf6 3. Bb5+ Bd7 4. Bc4 Bg4 5. f3 Bf5 6. Nc3 Nbd7 7. Nge2 Nb6
8. Bb3 Nbxd5 9. Nxd5 Nxd5 10. d4 e6 11. O-O c6 12. c4 Nf6 13. Ng3 Bg6 14. Be3
Bd6 15. Bf2 Qc7 16. Re1 O-O-O 17. Rc1 h5 18. d5 h4 19. Nf1 Bb4 20. Re2 exd5 21.
cxd5 Nxd5 22. Bxd5 Rxd5 23. Qb3 Qa5 24. Rc4 Rb5 25. a4 1/2-1/2

[Event "LLWestMV2014-15"]
[Site "?"]
[Date "2015.04.12"]
[Round "8.4"]
[White "Gipp, Thomas"]
[Black "Knoop, Sascha"]
[Result "1-0"]
[WhiteElo "1859"]
[BlackElo "1729"]
[PlyCount "105"]
[EventType "team-tourn"]
[EventRounds "9"]
[WhiteTeam "SV Empor Kuehlungsborn"]
[BlackTeam "SC Mecklenburger Springer"]

1. d4 Nf6 2. c4 c6 3. Nc3 d5 4. cxd5 cxd5 5. Bg5 e6 6. e3 Be7 7. Bd3 O-O 8. Nf3
b6 9. O-O Ba6 10. Rc1 Bxd3 11. Qxd3 Nbd7 12. Rc2 h6 13. Bh4 Ne8 14. Bxe7 Qxe7
15. Rfc1 Nd6 16. Nb5 Rfc8 17. h3 Rxc2 18. Rxc2 Nxb5 19. Qxb5 Nf6 20. Ne5 Ne4
21. Qc6 Re8 22. Qc7 Nd6 23. Qxe7 Rxe7 24. Rc6 Ne4 25. f3 Ng3 26. Kf2 Nf5 27.
Rc8+ Kh7 28. Nc6 Rd7 29. Ne5 Re7 30. g4 Nh4 31. f4 Ng6 32. Nxg6 Kxg6 33. Ke2 f5
34. a4 fxg4 35. hxg4 h5 36. gxh5+ Kxh5 37. Kd3 Kg4 38. b4 Kf3 39. Rf8 Kg4 40.
Ke2 Kg3 41. Kd3 Kg4 42. Rc8 Kf3 43. Rf8 Kg4 44. e4 Kf3 45. e5 Kg4 46. a5 bxa5
47. bxa5 g6 48. Rf6 Kh5 49. a6 Kh6 50. Kc3 Kg7 51. Kb4 Rf7 52. Rxf7+ Kxf7 53.
Kc5 1-0

[Event "LLWestMV2014-15"]
[Site "?"]
[Date "2015.04.12"]
[Round "8.6"]
[White "Prueter, Reinhard"]
[Black "Goldbach, Aaron"]
[Result "0-1"]
[WhiteElo "1636"]
[BlackElo "1696"]
[PlyCount "100"]
[EventType "team-tourn"]
[EventRounds "9"]
[WhiteTeam "SV Empor Kuehlungsborn"]
[BlackTeam "SC Mecklenburger Springer"]

1. d4 Nf6 2. Nf3 e6 3. Bg5 Be7 4. c4 b6 5. Nc3 Bb7 6. e3 O-O 7. Bd3 c5 8. O-O
h6 9. Bh4 Nc6 10. Bg3 Nh5 11. d5 exd5 12. Nxd5 Nxg3 13. hxg3 Bf6 14. Qd2 Ne5
15. Nxe5 Bxe5 16. Be4 Bc6 17. Rad1 Re8 18. Bf3 Rb8 19. b3 b5 20. Rb1 b4 21.
Rfd1 Bxd5 22. Qxd5 d6 23. Bh5 Qe7 24. f4 Bf6 25. Kh2 Rbd8 26. Rd3 Qe6 27. Rbd1
Qxd5 28. Rxd5 Rxe3 29. Rxd6 Rxd6 30. Rxd6 Kf8 31. Rc6 Bd4 32. Bg4 f6 33. Bh5 g5
34. Rc8+ Ke7 35. Rc7+ Ke6 36. Rxa7 Kf5 37. Rg7 Re1 38. Rd7 Ra1 39. Rd5+ Ke4 40.
Bg6+ Ke3 41. fxg5 hxg5 42. Kh3 Rxa2 43. Rf5 Rf2 44. Rd5 Kd2 45. g4 Kc3 46. Kg3
Rf1 47. Be4 Kxb3 48. Rxd4 cxd4 49. c5 Rc1 50. c6 d3 0-1

[Event "LLWestMV2014-15"]
[Site "?"]
[Date "2015.04.12"]
[Round "8.7"]
[White "Hopp, Peter"]
[Black "Behnke, Thomas"]
[Result "1/2-1/2"]
[WhiteElo "1629"]
[BlackElo "1555"]
[PlyCount "22"]
[EventType "team-tourn"]
[EventRounds "9"]
[WhiteTeam "SC Mecklenburger Springer"]
[BlackTeam "SV Empor Kuehlungsborn"]

1. e4 e5 2. Nf3 Nf6 3. Nxe5 d6 4. Nf3 Nxe4 5. d4 d5 6. Bf4 Bd6 7. Bxd6 Qxd6 8.
c3 Bg4 9. Be2 c6 10. Nbd2 Nf6 11. O-O O-O 1/2-1/2

[Event "LLWestMV2014-15"]
[Site "?"]
[Date "2015.04.12"]
[Round "8.8"]
[White "Silwedel, Bjoern"]
[Black "Neumann, Ralf"]
[Result "1/2-1/2"]
[WhiteElo "1486"]
[BlackElo "1505"]
[PlyCount "38"]
[EventType "team-tourn"]
[EventRounds "9"]
[WhiteTeam "SV Empor Kuehlungsborn"]
[BlackTeam "SC Mecklenburger Springer"]

1. e4 c5 2. Nf3 d6 3. d4 cxd4 4. Nxd4 Nf6 5. Nc3 g6 6. a4 Bg7 7. Bb5+ Bd7 8.
O-O O-O 9. Bxd7 Nbxd7 10. Be3 a6 11. f4 Qa5 12. Nb3 Qh5 13. h3 Qxd1 14. Raxd1
Rac8 15. Nc1 Nc5 16. Bxc5 Rxc5 17. Nd3 Rcc8 18. e5 dxe5 19. Nxe5 Rfd8 1/2-1/2

[Event "LLWestMV2014-15"]
[Site "?"]
[Date "2015.04.26"]
[Round "9.1"]
[White "Dupke, Andreas"]
[Black "Montag, Ralf"]
[Result "0-1"]
[WhiteElo "1772"]
[BlackElo "1937"]
[PlyCount "58"]
[EventType "team-tourn"]
[EventRounds "9"]
[WhiteTeam "SG Eintracht Neubrandenburg II"]
[BlackTeam "Volley-Tigers Ludwigslust 2000"]

1. e4 c5 2. Nf3 Nc6 3. d4 cxd4 4. Nxd4 g6 5. Nc3 Bg7 6. Be3 Nf6 7. Nxc6 bxc6 8.
e5 Nd5 9. Nxd5 cxd5 10. Qxd5 Rb8 11. Bc4 O-O 12. O-O-O Qc7 13. Qc5 Qxe5 14.
Qxe5 Bxe5 15. c3 a5 16. h4 d6 17. Bg5 Be6 18. Bd5 Rb5 19. Bxe6 fxe6 20. Be3
Rfb8 21. Rd2 Bxc3 22. Rc2 Rxb2 23. Rxc3 Rb1+ 24. Kc2 R8b2+ 25. Kd3 Rxh1 26. Bg5
Rxf2 27. Rc7 Rxg2 28. Rxe7 Rd1+ 29. Ke3 Rb1 0-1

[Event "LLWestMV2014-15"]
[Site "?"]
[Date "2015.04.26"]
[Round "9.2"]
[White "Wiemer, Juergen"]
[Black "Meyer, Detlef"]
[Result "1-0"]
[WhiteElo "1916"]
[BlackElo "1808"]
[PlyCount "71"]
[EventType "team-tourn"]
[EventRounds "9"]
[WhiteTeam "Volley-Tigers Ludwigslust 2000"]
[BlackTeam "SG Eintracht Neubrandenburg II"]

1. e4 d5 2. exd5 Nf6 3. c4 e6 4. dxe6 Bxe6 5. d4 c6 6. Nf3 Nbd7 7. Nc3 Bd6 8.
Bg5 O-O 9. Be2 h6 10. Bh4 Re8 11. O-O Bf5 12. a3 Rc8 13. b4 Bb8 {(=)} 14. Ra2
Qc7 15. Bg3 Qd8 16. Rd2 Ne4 17. Nxe4 Bxe4 18. Bxb8 Nxb8 19. Ne5 Rc7 20. Re1 Nd7
21. f4 Qh4 22. Bg4 f5 23. Bh5 Rb8 24. g3 Qd8 25. Bf7+ Kf8 26. Be6 Nf6 27. d5
cxd5 28. cxd5 Rc3 29. Ng6+ Ke8 30. h3 Rxg3+ 31. Kh2 Rxg6 32. Bxf5 Kf7 33. Bxe4
Nxe4 34. Rxe4 Qh4 35. Qf3 Rc8 36. f5 1-0

[Event "LLWestMV2014-15"]
[Site "?"]
[Date "2015.04.26"]
[Round "9.4"]
[White "Krueger, Horst"]
[Black "Leisner, Ekkehardt"]
[Result "1-0"]
[WhiteElo "1897"]
[BlackElo "1616"]
[PlyCount "97"]
[EventType "team-tourn"]
[EventRounds "9"]
[WhiteTeam "Volley-Tigers Ludwigslust 2000"]
[BlackTeam "SG Eintracht Neubrandenburg II"]

1. d4 d5 2. c4 c6 3. Nf3 Nf6 4. Nc3 e6 5. Bg5 Be7 6. e3 Nbd7 7. Qc2 O-O 8. a3
h6 9. Bh4 b6 10. Rd1 Bb7 11. b4 dxc4 12. Bxc4 b5 13. Ba2 a5 14. Rb1 axb4 15.
axb4 Re8 16. O-O Nd5 17. Bxd5 Bxh4 18. Be4 Bf6 19. Nxb5 cxb5 20. Bxb7 Rb8 21.
Bc6 Qc7 22. Qe4 Rec8 23. Bxd7 Qxd7 24. Ne5 Qc7 25. Nd3 Re8 26. Rfc1 Qd7 27. g3
e5 28. dxe5 Bxe5 29. Nxe5 Qe6 30. Rc5 f6 31. Rd1 fxe5 32. Rdd5 Red8 33. Qxe5
Qh3 34. Rxb5 Rbc8 35. Rbc5 Ra8 36. Rc1 Rf8 37. Rd2 Rae8 38. Qd5+ Kh8 39. b5 Rf5
40. Qd7 Qh5 41. b6 Rb8 42. b7 Rff8 43. Rc8 Qe5 44. Rxf8+ Rxf8 45. Qd6 Qxd6 46.
Rxd6 Rb8 47. Rd7 Kg8 48. f4 Kf8 49. Rc7 1-0

[Event "LLWestMV2014-15"]
[Site "?"]
[Date "2015.04.26"]
[Round "9.5"]
[White "Sommer, Hans-Hermann"]
[Black "Hilpert, Andreas"]
[Result "1-0"]
[WhiteElo "1635"]
[BlackElo "1835"]
[PlyCount "23"]
[EventType "team-tourn"]
[EventRounds "9"]
[WhiteTeam "SG Eintracht Neubrandenburg II"]
[BlackTeam "Volley-Tigers Ludwigslust 2000"]

1. e4 d6 2. Bc4 g6 3. Nf3 Bg7 4. d4 c6 5. O-O Nf6 6. Qe2 O-O 7. Rd1 Qd7 8. h3
b5 9. Bb3 a5 10. a4 b4 11. Bg5 Ba6 12. Qe3 {restliche Züge nicht
nachvollziehbar, es lag nur ein unleserlich geschriebenesPartieformular zur
Eingabe vor! 1-0 nach ca 50 Zügen} 1-0

[Event "LLWestMV2014-15"]
[Site "?"]
[Date "2015.04.26"]
[Round "9.7"]
[White "Zibell, Walter"]
[Black "Mitscherling, Reinhard"]
[Result "0-1"]
[WhiteElo "1811"]
[BlackElo "1791"]
[PlyCount "86"]
[EventType "team-tourn"]
[EventRounds "9"]
[WhiteTeam "SG Eintracht Neubrandenburg II"]
[BlackTeam "Volley-Tigers Ludwigslust 2000"]

1. d4 f5 2. e4 d6 3. Nc3 Nf6 4. exf5 Bxf5 5. Bd3 Qd7 6. Bg5 Bxd3 7. Qxd3 Nc6 8.
O-O-O O-O-O 9. h3 g6 10. d5 Ne5 11. Qe2 Bg7 12. Nb5 a6 13. Na7+ Kb8 14. Be3 Qa4
15. Kb1 Qc4 16. Qe1 Nxd5 17. Bd4 Nb6 18. f4 Kxa7 19. fxe5 dxe5 20. Be3 e4 21.
Ne2 Ka8 22. Rf1 Na4 23. Bc1 Bxb2 24. Rxd8+ Rxd8 25. Bxb2 Qb5 26. Qc1 Qxe2 27.
g4 Rd6 28. Ka1 Nxb2 29. Rf8+ Ka7 30. Kxb2 Rb6+ 31. Ka1 e3 32. Rf1 Qc4 33. c3 e2
34. Re1 Qd3 35. a3 Rd6 36. Kb2 e5 37. Ka2 e4 38. Qb2 Rb6 39. Qxe2 Qxc3 40. Rd1
Qb3+ 41. Ka1 Qxa3+ 42. Qa2 Qc3+ 43. Qb2 Qxb2# 0-1

[Event "LLWestMV2014-15"]
[Site "?"]
[Date "2015.04.26"]
[Round "9.8"]
[White "Emmrich, Olaf"]
[Black "Hoerhold, Martin"]
[Result "1/2-1/2"]
[WhiteElo "1785"]
[BlackElo "1572"]
[PlyCount "88"]
[EventType "team-tourn"]
[EventRounds "9"]
[WhiteTeam "Volley-Tigers Ludwigslust 2000"]
[BlackTeam "SG Eintracht Neubrandenburg II"]

1. e4 d6 2. d4 Nf6 3. Bd3 g6 4. Nf3 Bg7 5. c3 O-O 6. Bf4 Nbd7 7. Nbd2 c5 8. O-O
Rb8 9. Rc1 Nh5 10. Bg3 Nxg3 11. hxg3 e5 12. dxe5 dxe5 13. Nc4 b5 14. Ne3 c4 15.
Bb1 Bb7 16. Qe2 Nc5 17. Rcd1 Qe7 18. Nd5 Bxd5 19. Rxd5 Rfd8 20. Rfd1 Rxd5 21.
Rxd5 Rd8 22. Qd1 Rxd5 23. Qxd5 Qc7 24. Bc2 a6 25. Ng5 Nb7 26. b3 Bf6 27. Nf3
cxb3 28. Bxb3 Nd8 29. c4 Qc6 30. cxb5 Qxb5 31. Bc4 Qxd5 32. Bxd5 Kf8 33. Kf1
Ke7 34. Ke2 Ne6 35. Kd3 h6 36. Kc4 Kd6 37. Bxe6 fxe6 38. Nd2 Bd8 39. Kb4 Bc7
40. f3 h5 41. a4 Kc6 42. Nb3 g5 43. g4 h4 44. Kc4 Bb6 1/2-1/2